000 004780000a22001930004500
003 LK-CoMWRAF
008 230817t ||||| |||| 00| 0 eng d
040 _aLK-CoMWRAF
_dLK-CoMWRAF
_eLK-CoMWRAF
041 _aeng
082 _a450
_bNAM
100 _aNampoothiripart, E.M.S
245 _aVahuppu vaathamum mathacharpinmaikana poraddamum
_b
260 _aMadras
_bSAB
_c1992
300 _ap.116
650 _acommunalism
650 _aIndia
650 _aTamil
942 _cBK
999 _c2845
_d2845